[Event "PHI-ch U10"]
[Site "San Antonio"]
[Date "2014.04.25"]
[Round "9"]
[White "Rilloraza, Christian"]
[Black "Gadut, Emcel Jules V"]
[Result "1-0"]
[WhiteElo "1676"]
[BlackElo "1741"]
[PlyCount "65"]
[EventDate "2014.04.21"]
[EventType "swiss"]
[EventRounds "13"]
[EventCountry "PHI"]
[SourceTitle "CBM 160 Extra"]
[Source "ChessBase"]
[SourceDate "2014.07.01"]
[SourceVersion "1"]
[SourceVersionDate "2014.07.01"]
[SourceQuality "1"]

1. e4 c5 2. Nf3 Nc6 3. d4 cxd4 4. Nxd4 Nf6 5. Nc3 g6 6. Be3 Bg7 7. Nxc6 dxc6 8. Qxd8+ Kxd8 9. Bc4 Ke8 10. Rd1 e6 11. 0-0 Bd7 12. Rd2 b6 13. Rfd1 Ke7 14. Bg5 Rhd8 15. e5 Ke8 16. exf6 Bf8 17. f4 Bc5+ 18. Kh1 b5 19. Be2 Be3 20. Rd3 Bb6 21. Ne4 Bc7 22. Nc5 Bb6 23. Nxd7 Bf2 24. Ne5 Rxd3 25. Rxd3 c5 26. Rd7 Bd4 27. Re7+ Kd8 28. Rxf7 Ke8 29. Rxh7 Bxe5 30. fxe5 Rd8 31. f7+ Kf8 32. Bxd8 c4 33. Bf3 1-0

[Event "PHI-ch U10"]
[Site "San Antonio"]
[Date "2014.04.24"]
[Round "7"]
[White "Ventanilla, Billy Samuel"]
[Black "Gadut, Emcel Jules V"]
[Result "1/2-1/2"]
[WhiteElo "1748"]
[BlackElo "1741"]
[PlyCount "64"]
[EventDate "2014.04.21"]
[EventType "swiss"]
[EventRounds "13"]
[EventCountry "PHI"]
[SourceTitle "CBM 160 Extra"]
[Source "ChessBase"]
[SourceDate "2014.07.01"]
[SourceVersion "1"]
[SourceVersionDate "2014.07.01"]
[SourceQuality "1"]

1. e4 c5 2. Nf3 Nc6 3. d4 cxd4 4. Bc4 Nf6 5. Bf1 Ng8 6. Nxd4 Nf6 7. Nc3 g6 8. Be3 Bg7 9. Be2 Qb6 10. Nb3 Qc7 11. 0-0 h5 12. Nb5 Qd8 13. Nc3 h4 14. Qd2 h3 15. g3 Qc7 16. Rad1 Qe5 17. Bf4 Nxe4 18. Nxe4 Qxe4 19. f3 Qb4 20. c3 Qb6+ 21. Be3 Qc7 22. Nd4 Be5 23. Bf2 Qd6 24. Nxc6 Qxd2 25. Rxd2 dxc6 26. Rfd1 Be6 27. Bxa7 Bd6 28. Bd4 0-0 29. a3 f6 30. Kh1 Ra5 31. c4 Kf7 32. Bb6 Rf5 1/2-1/2